00807nam a22002177a 4500003000900000008004100009040007100050082002400121100001900145245008800164260003200252300004300284440002700327505010800354650002500462650001300487650001900500650003000519700001700549700002300566AR-CdUCM190402b ||||| |||| 00| 0 spa d aMUNICIPALIDAD PROVINCIAL DEL CUSCOcBIBLIOTECA MUNICIPAL DEL CUSCO aEP / 036.083 /bE53 aDietrich, Fred a20.000 años de locomoción :bEtapas históricas de la lucha por la velocidad / bDaimon,aBarcelona :c1962. bIlustraciones,c25 cm.a93 páginas ; aLos cuentos de fabulin aContenidos :Ruedas y velas -- El ferrocarril -- Camino, ruedas y motores -- Por encima de las nubes... aEducación primaria aHistoria aAstronáutica aEvolución tecnológica aGodo, Carlos aMascaró, Ernesto